000
00243nam a22000857a 4500
008
161125b xxu||||| |||| 00| 0 eng d
100
_9
1435
_a
Young Learners
245
_a
The Emprors New Clothes
260
_a
New Delhi
_b
Young Learners Publication
_c
2011
999
_c
4158
_d
4158